Formule 1 - Devinez les records - Statistiques

Statistiques générales
  • Ce quiz a été pris 46 fois
  • Le résultat moyen est 6 sur 10
Statistiques - réponses
Question Réponse % Correct
Quelle écurie est à ce jour l'écurie ayant disputée le plus de Grand Prix dans l'histoire de la Formule 1 ? Ferrari
95%
Quel pilote est à ce jour celui ayant disputé le plus de Grand Prix dans l'histoire de la Formule 1 ? Fernando Alonso
90%
Quel pilote détient le record de victoires en Formule 1 depuis 2021 ? Lewis Hamilton
88%
Quel pilote détient le record du plus grand nombre de points inscrits en une seule saison de Formule 1 ? Max Verstappen
88%
À quel âge Max Verstappen a disputé son tout premier Grand Prix de Formule 1 (il détient le record du plus jeune pilote de l'histoire) ? 17 ans
71%
Quelle est la course la plus longue de l'histoire de Formule 1 ? Canada 2011
63%
Quel course a comptée le moins de pilotes franchissant le drapeau à damier d'un Grand Prix ? Monaco 1996
56%
À l'inverse, quelle est la course la plus courte de l'histoire de la Formule 1 ? Belgique 2021
51%
À quel âge Sebastian Vettel a-t-il remporté son premier titre de champion du monde en 2010 (il détient le record du plus jeune champion du monde de l'histoire) ? 23 ans
7%
Combien de dépassements a compté le Grand Prix des Pays-Bas 2023, qui en a compté le plus de toute l'histoire de la Formule 1 ? 188
2%
Aucun quiz correspondant
Distribution des résultats
% des personnes avec chaque résultat
Percentile par nombre de réponses
Votre historique - résultats
Vous n’avez pas pris ce quiz